000 00997nam0a22002651 4500
001 rc\2582764
005 20250623120548.0
035 _a(NLR Aleph) 006747196
090 _a5706412
_c5706412
100 _a20110914d1927 |||y0rusy50 ca
101 0 _arus
102 _aRU
105 _aa z |||||
200 1 _aПравда ли, что человек произошел от обезьяны?
210 _aМосква
_aЛенинград
_cГос. изд-во
_d1927
_eМосква
_gтип. "Красный пролетарий"
215 _a47 с.
_cил.
_d20х14 см.
225 1 _aНаука для всех
320 _aБиблиография: указания литературы (5 названий)
700 1 _4340
_7ca
_8rus
_aАндреев
_bБ. Г.
_cд-р химии
_f1884-
_gБорис Георгиевич
_9243812
_3RU\NLR\AUTH\770243868
801 0 _aRU
_bNLR
_gpsbo
801 1 _aRU
_bELAR
_2rusmarc
852 _aNLR
_j61/1398
942 _cBOOK
980 _aNB